[Event "GER-ch Rapid Women 2020"]
[Site "Plochingen"]
[Date "2020.09.19"]
[Round "1.1"]
[White "Germann, Heike"]
[Black "Paehtz, Elisabeth"]
[Result "0-1"]
[WhiteElo "2021"]
[BlackElo "2472"]
[Annotator "TA"]
[PlyCount "82"]
[EventDate "2020.09.19"]
[EventType "swiss"]
[EventCountry "GER"]
[SourceTitle "playchess.com"]
[Source "ChessBase"]
[SourceQuality "1"]

{[%evp 9,82,29,40,40,35,17,42,36,46,15,13,-52,-33,-23,-6,-13,-8,-21,-16,-5,87,102,94,61,65,64,103,76,85,79,152,145,197,193,177,162,167,-225,-210,-214,139,0,0,0,234,166,166,154,151,128,130,122,139,68,114,15,17,0,75,0,0,0,334,42,271,-130,-134,-252,-251,-243,-237,-228,-149,-240,-235]} 1. d4 e6 2. c4 b6 3. Nc3 Bb4 4. e3 Bb7 5. Nge2 f5 6. a3 {A40: Unusual replies to 1 d4.} Bd6 7. b4 Nf6 8. c5 {White is slightly better.} Be7 {[#]} 9. f3 $146 ({Predecessor:} 9. Nf4 a5 10. Rb1 axb4 11. axb4 O-O 12. Bc4 Ne4 13. Nce2 Kh8 14. Bb2 bxc5 15. bxc5 {½-½ (22) Atalik,S (2549)-Petkov,V (2531) Kraljevo 2014}) 9... a5 {...axb4 is the strong threat.} 10. Bb2 ({Better is} 10. Rb1 $11) 10... axb4 $15 11. axb4 Rxa1 12. Qxa1 Nc6 13. Qa4 O-O 14. Nf4 e5 (14... bxc5 $11 15. dxc5 Ne5) 15. dxe5 Nxe5 16. cxb6 cxb6 17. Be2 Nc6 18. Nfd5 Bd6 19. O-O Ne5 (19... Kh8 $142) 20. Rd1 $16 Nxd5 (20... Kh8 $16 {might work better.} 21. Qa1 Nf7) 21. Nxd5 $18 Qh4 {aiming for ...Ng4!} 22. Nf4 {Black must now prevent Qb3+.} ({But not} 22. Nxb6 $2 Ng4 $1 $19 {[%mdl 512]}) 22... Qe7 {intending ...Nf7.} 23. Nd5 $4 {[%mdl 8192]} (23. Qb3+ $18 Qf7 24. Qxf7+ Nxf7 25. Bc4 Bxf4 26. exf4) 23... Bxd5 $1 $19 24. Rxd5 {[#]} Nc6 $2 (24... Ng4 $1 $19 {[%mdl 512]} 25. fxg4 Qxe3+ {[%mdl 64] Double Attack} 26. Kh1 Qxe2 {[%mdl 64] Double Attack}) 25. Qd1 (25. Qb3 $16 {Strongly threatening Rxd6+.} Kh8 26. b5) 25... Qxe3+ $11 26. Kh1 Be5 $2 (26... Re8 $11 {and Black stays safe.} 27. Rd2 Be5) 27. Bc1 Qc3 28. b5 {And now Rd3 would win.} Ne7 29. Rxd7 Ng6 30. Bd2 Qc5 31. Bg5 (31. Qb3+ $16 Kh8 32. Be3) 31... h6 32. Bc1 (32. Qb3+ $16 Kh7 33. Be3) 32... Kh7 {Black wants to play ...Rc8.} 33. Rd5 Qb4 (33... Qf2 $11 {remains equal.}) 34. Bd3 (34. g3 $16) 34... Qh4 {[%csl Ge5][%cal Rh4h2]} 35. Qg1 Rc8 $2 {[%mdl 8192] [#]} (35... Bxh2 $11 36. Qxh2 Qe1+ {[%mdl 64] Double Attack} 37. Qg1 Qh4+ 38. Qh2 Qe1+ {[%mdl 64] Double Attack} 39. Qg1 Qh4+ 40. Qh2) 36. g3 $2 (36. Rxe5 $1 $18 {[%mdl 512]} Rxc1 (36... Nxe5 37. Bxf5+) 37. Qxc1 Nxe5 38. Bxf5+ Ng6 39. g4) 36... Qh5 $2 {[#]} (36... Qf6 $14 37. Bb1 Qe6) 37. Be2 $2 {[#]} ({White has to play} 37. Kg2 $1 $18) 37... Bxg3 $1 $40 {[%mdl 704] Deflection. Black wants a kill.} 38. Qxg3 (38. Bxh6 $17 Qxh6 39. Qxg3) 38... Rxc1+ $19 39. Rd1 Rxd1+ {Black is clearly better.} 40. Bxd1 f4 41. Qf2 (41. Qg1 $17 {is a better defense.} Qd5 42. Qf1) 41... Qxb5 {Accuracy: White = 36%, Black = 54%.} 0-1

[Event "GER-ch Rapid Women 2020"]
[Site "Plochingen"]
[Date "2020.09.19"]
[Round "1.2"]
[White "Papp, Sarah"]
[Black "Zeller, Elisa"]
[Result "1-0"]
[WhiteElo "2327"]
[BlackElo "1969"]
[Annotator "ChessBase"]
[PlyCount "167"]
[EventDate "2020.09.19"]
[EventType "swiss"]
[EventCountry "GER"]
[SourceTitle "playchess.com"]
[Source "ChessBase"]
[SourceQuality "1"]
[TimeControl "900+10"]

1. e4 {[%emt 0:00:00]} e6 {[%emt 0:00:00]} 2. d4 {[%emt 0:00:00]} d5 {[%emt 0:00:00]} 3. e5 {[%emt 0:00:06]} c5 {[%emt 0:00:00]} 4. c3 {[%emt 0:00:03]} Nc6 {[%emt 0:00:00]} 5. Nf3 {[%emt 0:00:02]} Qb6 {[%emt 0:00:01]} 6. a3 {[%emt 0:00:05]} Bd7 {[%emt 0:00:10]} 7. b4 {[%emt 0:01:32]} cxd4 {[%emt 0:00:43]} 8. cxd4 {[%emt 0:00:01]} Nge7 {[%emt 0:00:06]} 9. Nc3 {[%emt 0:00:18]} a6 {[%emt 0:00:37]} 10. Na4 {[%emt 0:00:28]} Qc7 {[%emt 0:00:04]} 11. Bb2 {[%emt 0:01:27]} Ng6 {[%emt 0:00:36]} 12. h4 {[%emt 0:00:39]} b5 {[%emt 0:01:28]} 13. Nc5 {[%emt 0:00:08]} Bxc5 {[%emt 0:00:02]} 14. bxc5 {[%emt 0:00:43]} Qa5+ {[%emt 0:00:13]} 15. Nd2 {[%emt 0:00:31]} Nge7 {[%emt 0:01:12]} 16. Rh3 {[%emt 0:02:01]} Nf5 {[%emt 0:02:45]} 17. Bc3 {[%emt 0:00:05]} Qd8 {[%emt 0:00:15]} 18. Nf3 {[%emt 0:00:30]} Rb8 {[%emt 0:00:34]} 19. g4 {[%emt 0:00:27]} Nfe7 {[%emt 0:00:12]} 20. Qd2 {[%emt 0:00:38]} h6 {[%emt 0:01:07]} 21. h5 {[%emt 0:00:51]} Rg8 {[%emt 0:02:19]} 22. Bd3 {[%emt 0:00:06]} Qc7 {[%emt 0:00:57]} 23. Nh4 {[%emt 0:00:14]} Kd8 {[%emt 0:01:13]} 24. Rf3 {[%emt 0:00:54]} Be8 {[%emt 0:00:10]} 25. Rb1 {[%emt 0:00:21]} Nc8 {[%emt 0:00:53]} 26. Ng2 {[%emt 0:00:47]} N8a7 {[%emt 0:00:30]} 27. g5 {[%emt 0:00:18]} hxg5 {[%emt 0:00:07]} 28. Qxg5+ {[%emt 0:00:02]} Qe7 {[%emt 0:00:04]} 29. Qg4 {[%emt 0:00:27]} Qf8 {[%emt 0:00:59]} 30. Bd2 {[%emt 0:00:50]} Kc8 {[%emt 0:00:36]} 31. a4 {[%emt 0:00:59]} Bd7 {[%emt 0:00:14]} 32. Qf4 {[%emt 0:01:02]} f5 {[%emt 0:00:26]} 33. Nh4 {[%emt 0:00:45]} Be8 {[%emt 0:00:39]} 34. Nxf5 {[%emt 0:00:54]} exf5 {[%emt 0:00:03]} 35. Bxf5+ {[%emt 0:00:02]} Kb7 {[%emt 0:00:15]} 36. Qg4 {[%emt 0:01:17]} Qe7 {[%emt 0:00:37]} 37. Bg5 {[%emt 0:00:13]} Qc7 {[%emt 0:00:05]} 38. Be6 {[%emt 0:00:07]} Rh8 {[%emt 0:00:16]} 39. h6 {[%emt 0:00:09]} gxh6 {[%emt 0:00:15]} 40. Bf6 {[%emt 0:00:02]} h5 {[%emt 0:00:04]} 41. Qh4 {[%emt 0:00:25]} Qh7 {[%emt 0:00:05]} 42. Rb2 {[%emt 0:00:32]} Qe4+ {[%emt 0:00:14]} 43. Qxe4 {[%emt 0:00:04]} dxe4 {[%emt 0:00:01]} 44. Rf4 {[%emt 0:00:25]} Rf8 {[%emt 0:00:25]} 45. Rxe4 {[%emt 0:00:04]} Bg6 {[%emt 0:00:04]} 46. Rh4 {[%emt 0:00:11]} Na5 {[%emt 0:00:44]} 47. d5 {[%emt 0:00:09]} Rfe8 {[%emt 0:00:13]} 48. Bd7 {[%emt 0:00:09]} Bf7 {[%emt 0:00:08]} 49. c6+ {[%emt 0:00:08]} N7xc6 {[%emt 0:00:08]} 50. dxc6+ {[%emt 0:00:02]} Kc7 {[%emt 0:00:02]} 51. Bxe8 {[%emt 0:00:13]} Rxe8 {[%emt 0:00:03]} 52. axb5 {[%emt 0:00:03]} axb5 {[%emt 0:00:02]} 53. Rxb5 {[%emt 0:00:02]} Nxc6 {[%emt 0:00:02]} 54. Ra4 {[%emt 0:00:14]} Rb8 {[%emt 0:00:29]} 55. Rxb8 {[%emt 0:00:02]} Kxb8 {[%emt 0:00:02]} 56. f4 {[%emt 0:00:07]} Be6 {[%emt 0:00:07]} 57. Kf2 {[%emt 0:00:26]} Kc7 {[%emt 0:00:02]} 58. Ra1 {[%emt 0:00:07]} Kd7 {[%emt 0:00:03]} 59. Rg1 {[%emt 0:00:05]} Bg4 {[%emt 0:00:09]} 60. Ke3 {[%emt 0:00:09]} Ke6 {[%emt 0:00:03]} 61. Bg5 {[%emt 0:00:15]} Nb4 {[%emt 0:00:03]} 62. Rc1 {[%emt 0:00:39]} Kf5 {[%emt 0:00:19]} 63. Kd4 {[%emt 0:00:05]} Bf3 {[%emt 0:00:16]} 64. Rc8 {[%emt 0:00:26]} h4 {[%emt 0:00:20]} 65. Bxh4 {[%emt 0:00:07]} Kxf4 {[%emt 0:00:05]} 66. Rf8+ {[%emt 0:00:04]} Kg4 {[%emt 0:00:05]} 67. Bf6 {[%emt 0:00:22]} Nc6+ {[%emt 0:00:16]} 68. Kc5 {[%emt 0:00:03]} Na5 {[%emt 0:00:34]} 69. e6 {[%emt 0:00:07]} Nb7+ {[%emt 0:00:06]} 70. Kd4 {[%emt 0:00:05]} Nd6 {[%emt 0:00:04]} 71. e7 {[%emt 0:00:06]} Nf5+ {[%emt 0:00:04]} 72. Ke5 {[%emt 0:00:05]} Nxe7 {[%emt 0:00:02]} 73. Bxe7 {[%emt 0:00:02]} Bc6 {[%emt 0:00:06]} 74. Bc5 {[%emt 0:00:05]} Bd7 {[%emt 0:00:07]} 75. Be3 {[%emt 0:00:06]} Kg3 {[%emt 0:00:04]} 76. Rf6 {[%emt 0:00:08]} Bg4 {[%emt 0:00:03]} 77. Ke4 {[%emt 0:00:09]} Bh5 {[%emt 0:00:07]} 78. Bd4 {[%emt 0:00:18]} Be2 {[%emt 0:00:11]} 79. Rg6+ {[%emt 0:00:06]} Kh3 {[%emt 0:00:10]} 80. Ke3 {[%emt 0:00:11]} Bh5 {[%emt 0:00:12]} 81. Rg7 {[%emt 0:00:17]} Bd1 {[%emt 0:00:03]} 82. Kf4 {[%emt 0:00:08]} Bc2 {[%emt 0:00:10]} 83. Rg3+ {[%emt 0:00:15]} Kh4 {[%emt 0:00:05]} 84. Rg2 {[%emt 0:00:04]} 1-0

[Event "GER-ch Rapid Women 2020"]
[Site "Plochingen"]
[Date "2020.09.19"]
[Round "1.3"]
[White "Kosovska, Olena"]
[Black "Voicu-Jagodzinsky, Carmen"]
[Result "1/2-1/2"]
[WhiteElo "1881"]
[BlackElo "2247"]
[Annotator "ChessBase"]
[PlyCount "105"]
[EventDate "2020.09.19"]
[EventType "swiss"]
[EventCountry "GER"]
[SourceTitle "playchess.com"]
[Source "ChessBase"]
[SourceQuality "1"]
[TimeControl "900+10"]

1. e4 {[%emt 0:00:00]} c5 {[%emt 0:00:00]} 2. Nc3 {[%emt 0:00:00]} Nc6 {[%emt 0:00:00]} 3. f4 {[%emt 0:00:00]} a6 {[%emt 0:00:19]} 4. Nf3 {[%emt 0:00:02]} e6 {[%emt 0:00:10]} 5. Be2 {[%emt 0:00:05]} b5 {[%emt 0:00:43]} 6. O-O {[%emt 0:00:17]} b4 {[%emt 0:00:40]} 7. Na4 {[%emt 0:01:37]} Be7 {[%emt 0:01:48]} 8. d3 {[%emt 0:00:34]} Nf6 {[%emt 0:01:00]} 9. e5 {[%emt 0:01:31]} Nd5 {[%emt 0:00:09]} 10. c4 {[%emt 0:00:12]} bxc3 {[%emt 0:02:23]} 11. Nxc3 {[%emt 0:00:22]} d6 {[%emt 0:02:56]} 12. Bd2 {[%emt 0:04:38]} dxe5 {[%emt 0:00:28]} 13. fxe5 {[%emt 0:01:32]} O-O {[%emt 0:00:55]} 14. Qe1 {[%emt 0:00:14]} Rb8 {[%emt 0:00:30]} 15. Rb1 {[%emt 0:00:21]} Qc7 {[%emt 0:01:34]} 16. Qg3 {[%emt 0:00:16]} f5 {[%emt 0:00:37]} 17. Bh6 {[%emt 0:02:33]} Bd8 {[%emt 0:00:01]} 18. Nxd5 {[%emt 0:00:54]} exd5 {[%emt 0:00:01]} 19. Bf4 {[%emt 0:00:02]} Be6 {[%emt 0:00:09]} 20. Ng5 {[%emt 0:00:12]} Nd4 {[%emt 0:00:11]} 21. Bh5 {[%emt 0:00:25]} Bxg5 {[%emt 0:00:52]} 22. Bxg5 {[%emt 0:00:39]} Rb7 {[%emt 0:01:13]} 23. Kh1 {[%emt 0:00:09]} Rfb8 {[%emt 0:00:22]} 24. b3 {[%emt 0:00:23]} a5 {[%emt 0:00:01]} 25. Be3 {[%emt 0:00:47]} Rb4 {[%emt 0:01:02]} 26. Rbc1 {[%emt 0:00:08]} Qe7 {[%emt 0:00:19]} 27. Bd2 {[%emt 0:00:35]} R4b5 {[%emt 0:00:01]} 28. Qf2 {[%emt 0:00:07]} a4 {[%emt 0:00:07]} 29. b4 {[%emt 0:00:25]} Rxb4 {[%emt 0:00:22]} 30. Bxb4 {[%emt 0:00:03]} Rxb4 {[%emt 0:00:01]} 31. h3 {[%emt 0:00:08]} g6 {[%emt 0:00:25]} 32. Bd1 {[%emt 0:00:05]} a3 {[%emt 0:00:08]} 33. Qd2 {[%emt 0:00:10]} Kg7 {[%emt 0:00:22]} 34. Qc3 {[%emt 0:00:01]} Rb5 {[%emt 0:00:22]} 35. Ba4 {[%emt 0:00:03]} Rb4 {[%emt 0:00:14]} 36. Bd1 {[%emt 0:00:24]} Rb5 {[%emt 0:00:00]} 37. Re1 {[%emt 0:00:08]} Qa7 {[%emt 0:00:04]} 38. Be2 {[%emt 0:00:58]} h5 {[%emt 0:00:10]} 39. Bf1 {[%emt 0:00:07]} Kh7 {[%emt 0:00:06]} 40. Rb1 {[%emt 0:00:02]} f4 {[%emt 0:00:25]} 41. Rxb5 {[%emt 0:00:22]} Nxb5 {[%emt 0:00:01]} 42. Qd2 {[%emt 0:00:03]} Qa4 {[%emt 0:00:04]} 43. Rb1 {[%emt 0:00:07]} Bd7 {[%emt 0:00:13]} 44. Be2 {[%emt 0:00:09]} Qd4 {[%emt 0:00:02]} 45. e6 {[%emt 0:00:07]} Be8 {[%emt 0:00:04]} 46. Qa5 {[%emt 0:00:05]} Qe3 {[%emt 0:00:16]} 47. Bf3 {[%emt 0:00:14]} Qxe6 {[%emt 0:00:19]} 48. Rxb5 {[%emt 0:00:04]} Bxb5 {[%emt 0:00:06]} 49. Qxb5 {[%emt 0:00:01]} Qe1+ {[%emt 0:00:02]} 50. Kh2 {[%emt 0:00:01]} Qg3+ {[%emt 0:00:01]} 51. Kg1 {[%emt 0:00:04]} Qe1+ {[%emt 0:00:03]} 52. Kh2 {[%emt 0:00:01]} Qg3+ {[%emt 0:00:17]} 53. Kg1 {[%emt 0:00:02]} 1/2-1/2

[Event "GER-ch Rapid Women 2020"]
[Site "Plochingen"]
[Date "2020.09.19"]
[Round "1.4"]
[White "Muetsch, Annmarie"]
[Black "Morio, Estelle"]
[Result "1-0"]
[WhiteElo "2226"]
[BlackElo "1837"]
[Annotator "ChessBase"]
[PlyCount "77"]
[EventDate "2020.09.19"]
[EventType "swiss"]
[EventCountry "GER"]
[SourceTitle "playchess.com"]
[Source "ChessBase"]
[SourceQuality "1"]
[TimeControl "900+10"]

1. e4 {[%emt 0:00:00]} d6 {[%emt 0:00:00]} 2. d4 {[%emt 0:00:00]} Nf6 {[%emt 0:00:00]} 3. Nc3 {[%emt 0:00:01]} Nbd7 {[%emt 0:00:00]} 4. Nf3 {[%emt 0:00:03]} e5 {[%emt 0:00:00]} 5. Bc4 {[%emt 0:00:04]} Be7 {[%emt 0:00:00]} 6. O-O {[%emt 0:00:04]} O-O {[%emt 0:00:00]} 7. a4 {[%emt 0:00:17]} c6 {[%emt 0:00:05]} 8. h3 {[%emt 0:00:10]} exd4 {[%emt 0:00:17]} 9. Nxd4 {[%emt 0:00:05]} Re8 {[%emt 0:00:07]} 10. Nf5 {[%emt 0:00:18]} Nc5 {[%emt 0:02:01]} 11. Nxe7+ {[%emt 0:01:44]} Rxe7 {[%emt 0:01:59]} 12. e5 {[%emt 0:03:57]} Rxe5 {[%emt 0:01:40]} 13. Bf4 {[%emt 0:00:08]} Re8 {[%emt 0:00:36]} 14. Bxd6 {[%emt 0:02:38]} Nce4 {[%emt 0:02:12]} 15. Nxe4 {[%emt 0:00:34]} Nxe4 {[%emt 0:01:15]} 16. Bf4 {[%emt 0:01:33]} Qxd1 {[%emt 0:01:29]} 17. Raxd1 {[%emt 0:00:37]} Nc5 {[%emt 0:00:54]} 18. b3 {[%emt 0:01:14]} Be6 {[%emt 0:01:46]} 19. Bxe6 {[%emt 0:00:07]} Rxe6 {[%emt 0:00:25]} 20. Be3 {[%emt 0:00:18]} Re5 {[%emt 0:02:06]} 21. Rd6 {[%emt 0:01:01]} Kf8 {[%emt 0:01:01]} 22. Rfd1 {[%emt 0:02:33]} Ne4 {[%emt 0:00:27]} 23. Rd7 {[%emt 0:00:19]} Re7 {[%emt 0:00:01]} 24. f3 {[%emt 0:00:30]} Rxd7 {[%emt 0:00:25]} 25. Rxd7 {[%emt 0:00:07]} Nf6 {[%emt 0:00:10]} 26. Rxb7 {[%emt 0:00:16]} a6 {[%emt 0:00:11]} 27. Bc5+ {[%emt 0:00:10]} Kg8 {[%emt 0:00:11]} 28. Rc7 {[%emt 0:00:10]} h6 {[%emt 0:00:09]} 29. Rxc6 {[%emt 0:00:06]} Rd8 {[%emt 0:00:12]} 30. Rd6 {[%emt 0:00:25]} Rc8 {[%emt 0:00:01]} 31. b4 {[%emt 0:00:04]} a5 {[%emt 0:00:05]} 32. c3 {[%emt 0:00:02]} axb4 {[%emt 0:00:05]} 33. cxb4 {[%emt 0:00:01]} Ra8 {[%emt 0:00:02]} 34. a5 {[%emt 0:00:05]} Ne8 {[%emt 0:00:08]} 35. Rc6 {[%emt 0:00:04]} Nf6 {[%emt 0:00:09]} 36. a6 {[%emt 0:00:05]} Nd5 {[%emt 0:00:09]} 37. a7 {[%emt 0:00:04]} Nc3 {[%emt 0:00:22]} 38. Rc7 {[%emt 0:00:11]} Nb5 {[%emt 0:00:17]} 39. Rb7 {[%emt 0:00:03]} 1-0

[Event "GER-ch Rapid Women 2020"]
[Site "Plochingen"]
[Date "2020.09.19"]
[Round "1.5"]
[White "Wulf, Constanze"]
[Black "Osmanodja, Filiz"]
[Result "0-1"]
[WhiteElo "1817"]
[BlackElo "2256"]
[Annotator "ChessBase"]
[PlyCount "40"]
[EventDate "2020.09.19"]
[EventType "swiss"]
[EventCountry "GER"]
[SourceTitle "playchess.com"]
[Source "ChessBase"]
[SourceQuality "1"]
[TimeControl "900+10"]

1. e4 {[%emt 0:00:00]} c5 {[%emt 0:00:00]} 2. Nc3 {[%emt 0:00:00]} Nc6 {[%emt 0:00:00]} 3. Bb5 {[%emt 0:00:02]} Nd4 {[%emt 0:00:03]} 4. Bc4 {[%emt 0:00:01]} e6 {[%emt 0:00:03]} 5. Nge2 {[%emt 0:01:05]} a6 {[%emt 0:00:11]} 6. a4 {[%emt 0:00:08]} Ne7 {[%emt 0:01:17]} 7. d3 {[%emt 0:00:58]} d5 {[%emt 0:02:14]} 8. exd5 {[%emt 0:00:02]} exd5 {[%emt 0:00:02]} 9. Ba2 {[%emt 0:00:06]} Bg4 {[%emt 0:00:55]} 10. h3 {[%emt 0:03:00]} Bh5 {[%emt 0:00:22]} 11. Bg5 {[%emt 0:02:44]} h6 {[%emt 0:02:33]} 12. Bh4 {[%emt 0:03:15]} g5 {[%emt 0:01:13]} 13. Bg3 {[%emt 0:00:01]} Bg7 {[%emt 0:00:15]} 14. Qd2 {[%emt 0:00:27]} O-O {[%emt 0:02:45]} 15. O-O {[%emt 0:03:37]} Re8 {[%emt 0:00:59]} 16. Nxd4 {[%emt 0:01:16]} cxd4 {[%emt 0:00:46]} 17. Nd1 {[%emt 0:00:47]} Nf5 {[%emt 0:00:15]} 18. c3 {[%emt 0:00:15]} Re2 {[%emt 0:00:22]} 19. Qc1 {[%emt 0:00:10]} Rc8 {[%emt 0:00:21]} 20. Bh2 {[%emt 0:00:08]} Nh4 {[%emt 0:00:18]} 0-1

[Event "GER-ch Rapid Women 2020"]
[Site "Plochingen"]
[Date "2020.09.19"]
[Round "1.6"]
[White "Burchardt, Brigitte"]
[Black "Mader, Lena"]
[Result "1-0"]
[WhiteElo "2113"]
[BlackElo "1839"]
[Annotator "ChessBase"]
[PlyCount "117"]
[EventDate "2020.09.19"]
[EventType "swiss"]
[EventCountry "GER"]
[SourceTitle "playchess.com"]
[Source "ChessBase"]
[SourceQuality "1"]
[TimeControl "900+10"]

1. e4 {[%emt 0:00:00]} c6 {[%emt 0:00:00]} 2. d4 {[%emt 0:00:00]} d5 {[%emt 0:00:00]} 3. Nd2 {[%emt 0:00:00]} dxe4 {[%emt 0:00:00]} 4. Nxe4 {[%emt 0:00:00]} Nf6 {[%emt 0:00:00]} 5. Ng3 {[%emt 0:00:00]} g6 {[%emt 0:00:25]} 6. h3 {[%emt 0:00:01]} Bg7 {[%emt 0:00:02]} 7. Nf3 {[%emt 0:00:02]} O-O {[%emt 0:00:12]} 8. Be2 {[%emt 0:00:28]} c5 {[%emt 0:00:47]} 9. dxc5 {[%emt 0:01:03]} Qa5+ {[%emt 0:01:15]} 10. c3 {[%emt 0:00:01]} Qxc5 {[%emt 0:02:01]} 11. O-O {[%emt 0:00:05]} e5 {[%emt 0:01:16]} 12. Qb3 {[%emt 0:02:34]} Nc6 {[%emt 0:01:54]} 13. Be3 {[%emt 0:00:53]} Qe7 {[%emt 0:00:16]} 14. Rfe1 {[%emt 0:00:05]} Be6 {[%emt 0:00:12]} 15. Qc2 {[%emt 0:00:59]} h6 {[%emt 0:01:18]} 16. Bd3 {[%emt 0:02:26]} Rac8 {[%emt 0:01:13]} 17. Qe2 {[%emt 0:00:17]} Nd5 {[%emt 0:01:29]} 18. Bc1 {[%emt 0:02:54]} f5 {[%emt 0:00:16]} 19. Bb5 {[%emt 0:00:18]} e4 {[%emt 0:00:59]} 20. Bxc6 {[%emt 0:00:45]} Rxc6 {[%emt 0:00:09]} 21. Nd4 {[%emt 0:00:09]} Bxd4 {[%emt 0:00:08]} 22. cxd4 {[%emt 0:00:02]} Kh7 {[%emt 0:00:33]} 23. f3 {[%emt 0:01:05]} Rxc1 {[%emt 0:01:11]} 24. Rexc1 {[%emt 0:00:25]} Nf4 {[%emt 0:00:30]} 25. Qe3 {[%emt 0:00:56]} Nd3 {[%emt 0:01:15]} 26. fxe4 {[%emt 0:00:26]} Nxc1 {[%emt 0:00:30]} 27. exf5 {[%emt 0:00:02]} gxf5 {[%emt 0:00:08]} 28. Rxc1 {[%emt 0:00:16]} f4 {[%emt 0:00:38]} 29. Qe4+ {[%emt 0:00:07]} Kh8 {[%emt 0:00:04]} 30. Qe5+ {[%emt 0:00:02]} Qf6 {[%emt 0:00:11]} 31. Qxf6+ {[%emt 0:00:11]} Rxf6 {[%emt 0:00:01]} 32. Nh5 {[%emt 0:00:02]} Rf5 {[%emt 0:00:13]} 33. Re1 {[%emt 0:00:02]} Bf7 {[%emt 0:00:26]} 34. g4 {[%emt 0:00:17]} fxg3 {[%emt 0:00:24]} 35. Nxg3 {[%emt 0:00:02]} Rd5 {[%emt 0:00:11]} 36. Re7 {[%emt 0:00:06]} Kg8 {[%emt 0:00:07]} 37. Rxb7 {[%emt 0:00:06]} Rxd4 {[%emt 0:00:04]} 38. Nf5 {[%emt 0:00:02]} Rd1+ {[%emt 0:00:03]} 39. Kf2 {[%emt 0:00:04]} Rd2+ {[%emt 0:00:08]} 40. Ke3 {[%emt 0:00:01]} Rg2 {[%emt 0:00:07]} 41. Nxh6+ {[%emt 0:00:01]} Kf8 {[%emt 0:00:10]} 42. Nxf7 {[%emt 0:00:02]} Rg3+ {[%emt 0:00:01]} 43. Kd4 {[%emt 0:00:06]} Rxh3 {[%emt 0:00:02]} 44. Ne5 {[%emt 0:00:02]} Rh2 {[%emt 0:00:02]} 45. Nd3 {[%emt 0:00:04]} Rh4+ {[%emt 0:00:02]} 46. Kc3 {[%emt 0:00:01]} a6 {[%emt 0:00:05]} 47. b4 {[%emt 0:00:10]} Rh6 {[%emt 0:00:04]} 48. Nc5 {[%emt 0:00:04]} Rc6 {[%emt 0:00:03]} 49. Kc4 {[%emt 0:00:05]} Ke8 {[%emt 0:00:09]} 50. Ra7 {[%emt 0:00:04]} Kd8 {[%emt 0:00:16]} 51. Rxa6 {[%emt 0:00:06]} Rxa6 {[%emt 0:00:03]} 52. Nxa6 {[%emt 0:00:02]} Kc8 {[%emt 0:00:01]} 53. Kc5 {[%emt 0:00:00]} Kb7 {[%emt 0:00:02]} 54. b5 {[%emt 0:00:02]} Ka7 {[%emt 0:00:01]} 55. Nb4 {[%emt 0:00:01]} Kb7 {[%emt 0:00:01]} 56. b6 {[%emt 0:00:02]} Ka8 {[%emt 0:00:01]} 57. Kc6 {[%emt 0:00:03]} Kb8 {[%emt 0:00:01]} 58. Na6+ {[%emt 0:00:04]} Ka8 {[%emt 0:00:01]} 59. b7+ {[%emt 0:00:00]} 1-0

[Event "GER-ch Rapid Women 2020"]
[Site "Plochingen"]
[Date "2020.09.19"]
[Round "2.1"]
[White "Paehtz, Elisabeth"]
[Black "Skibbe, Diana"]
[Result "1-0"]
[WhiteElo "2472"]
[BlackElo "1991"]
[Annotator "TA"]
[PlyCount "34"]
[EventDate "2020.09.19"]
[EventType "swiss"]
[EventCountry "GER"]
[SourceTitle "playchess.com"]
[Source "ChessBase"]
[SourceQuality "1"]

{[%evp 15,34,41,45,38,42,45,39,37,85,89,84,77,88,26,315,316,542,530,547,541,1723]} 1. e4 e5 2. Nf3 Nf6 3. Nc3 d6 4. d4 Nbd7 5. Bc4 Be7 6. O-O O-O 7. a4 c6 8. Re1 h6 {Nowadays more popular than 8...b6.} 9. Ba2 {C41: Philidor Defence.} exd4 10. Nxd4 {[#]} Nc5 $146 ({Predecessor:} 10... Ne5 11. h3 Re8 12. a5 Bf8 13. Bf4 Bd7 14. Bg3 Qc7 15. Bb3 Rad8 16. Re3 b5 17. axb6 axb6 {0-1 (25) Miljanic,B (2431)-Varga,Z (2495) Neum 2002}) 11. Qf3 {White is slightly better.} Ne6 {[#]} 12. Nf5 $1 Ng5 13. Bxg5 hxg5 {[#]} 14. Rad1 (14. e5 $1 $16 dxe5 15. Rad1) 14... Be6 $2 {[%mdl 8192] Black cannot hold the game after this.} (14... Bxf5 $1 $11 {and Black has nothing to worry.} 15. Qxf5 Qd7) 15. e5 $18 g4 $2 (15... d5 {might work better.} 16. Nxe7+ (16. exf6 Bxf6 17. Ne2 Bxb2 $18) 16... Qxe7 17. exf6 Qxf6 18. Qxf6 gxf6) 16. Nxe7+ ({Less strong is} 16. exf6 gxf3 17. fxe7 Qa5 $18) 16... Qxe7 17. exf6 Bc8 {Accuracy: White = 80%, Black = 28%.} 1-0